Financial and Managerial Accounting: (Record no. 15123)

000 -LEADER
fixed length control field 00700nam a22002177a 4500
008 - FIXED-LENGTH DATA ELEMENTS--GENERAL INFORMATION
fixed length control field 161026b xxu||||| |||| 00| 0 eng d
020 ## - INTERNATIONAL STANDARD BOOK NUMBER
International Standard Book Number 9780078110887
020 ## - INTERNATIONAL STANDARD BOOK NUMBER
International Standard Book Number 0078110882
050 ## - LIBRARY OF CONGRESS CALL NUMBER
Classification number HF 5636 .W674 2011
100 ## - MAIN ENTRY--PERSONAL NAME
Personal name Wild, John J.
245 ## - TITLE STATEMENT
Title Financial and Managerial Accounting:
Remainder of title information for decisions/
Statement of responsibility, etc. John J. Wild, Ken W. Shaw and Barbara Chiappetta
250 ## - EDITION STATEMENT
Edition statement 4th ed.
260 ## - PUBLICATION, DISTRIBUTION, ETC. (IMPRINT)
Place of publication, distribution, etc. New York:
Name of publisher, distributor, etc. McGraw-Hill,
Date of publication, distribution, etc. 2011
300 ## - PHYSICAL DESCRIPTION
Extent xxx, 1024p. :
Other physical details ill. ;
500 ## - GENERAL NOTE
General note Includes index.
650 ## - SUBJECT ADDED ENTRY--TOPICAL TERM
Topical term or geographic name as entry element Accounting.
650 ## - SUBJECT ADDED ENTRY--TOPICAL TERM
Topical term or geographic name as entry element Managerial accounting.
700 ## - ADDED ENTRY--PERSONAL NAME
Personal name Shaw, Ken W.
700 ## - ADDED ENTRY--PERSONAL NAME
Personal name Chiappetta, Barbara
942 ## - ADDED ENTRY ELEMENTS (KOHA)
Source of classification or shelving scheme
Koha item type Hard Covered Materials
Classification part HF 5636 .W674 2011
Holdings
Withdrawn status Lost status Source of classification or shelving scheme Damaged status Not for loan Home library Current library Shelving location Date acquired Source of acquisition Total Checkouts Full call number Barcode Date last seen Price effective from Koha item type
          MACHAKOS UNIVERSITY LIBRARY MACHAKOS UNIVERSITY LIBRARY Technical section 26/10/2016 Donation(BFA)   HF 5636 .W674 2011 24090 11/06/2018 26/10/2016 Hard Covered Materials
© Machakos University Library, Along The Highway, Machakos Wote Rd, Machakos, Kenya P.O. Box 136 - 90100 Machakos - Kenya

Tel: ( +254 ) 723 805829 OR Fax : 044-20353 OR Email: library@mksu.ac.ke